Normal view
MARC view
- Mohd. Haflah Piei,
Entry Personal Name
001 - CONTROL NUMBER
- control field: 3349
003 - CONTROL NUMBER IDENTIFIER
- control field: OSt
005 - DATE AND TIME OF LATEST TRANSACTION
- control field: 20170511113800.0
008 - FIXED-LENGTH DATA ELEMENTS
- fixed length control field: 170511|| aca||aabn | a|a d
040 ## - CATALOGING SOURCE
- Original cataloging agency: OSt
- Transcribing agency: OSt
100 ## - HEADING--PERSONAL NAME
- Personal name: Mohd. Haflah Piei,
- Dates associated with a name: 1947 -
670 ## - SOURCE DATA FOUND
- Source citation: Work cat.: (OSt)0: Dasar dan strategi pembasmian kemiskinan :, 1988

PORTAL AKMAL
E-MEL JKDM
AKMAL2U
G-BAM
u-PUSTAKA